000 00530nam a2200181Ia 4500
003 GCL
008 140319s9999 xx 000 0 ara d
040 _aGCL /
_cGCL
082 0 4 _aق
_b910.9
_bك ك
100 1 _aالكرخى, ابو اسحاق ابراهيم بن م
245 1 0 _aكتاب مسالك الممالك /
_cالكرخى, ابو اسحاق ابراهيم بن م
260 _a[S.N] :
_bدار صادر
300 _a398 ص
490 _a
650 0 4 _aمصر
650 0 4 _aالجغرافيا
942 _2ddc
_cBK
999 _c36214
_d36214